Analýza fenoménu "urban sprawl" a jeho dopad na rozvoj miest v SR diplomová práca

Saved in:
Bibliographic Details
Main Author: Jankech, Jozef
Corporate Author: Národohospodárska fakulta EU. Katedra verejnej správy a regionálneho rozvoja
Other Authors: Ivaničková, Alžbeta
Format: Book
Language:Slovak
Published: Bratislava 2013
Tags: Add Tag
No Tags, Be the first to tag this record!

MARC

LEADER 00000nbm a2200000 4500
001 0169197
005 20161109102247.0
041 0 |a slo 
044 |a SK 
245 1 0 |a Analýza fenoménu "urban sprawl" a jeho dopad na rozvoj miest v SR  |b diplomová práca  |c Jozef Jankech ; školiteľ: Alžbeta Ivaničková 
264 1 |a Bratislava  |c 2013 
300 |a 78 s. 
100 1 |a Jankech, Jozef 
700 1 |a Ivaničková, Alžbeta 
710 2 |a Národohospodárska fakulta EU. Katedra verejnej správy a regionálneho rozvoja